000 01242nam0a2200301 4500
001 RU\NLR\BIBL_A\022830151
005 20260614173443.0
010 _92000
035 _a(NLR Aleph) 022830151
090 _a13729622
_c13729622
100 _a20260608d1949 d y0rusy50 ca
101 0 _atyv
_crus
102 _aRU
105 _aac z 000 y
181 0 _ai
_baxxe
182 0 _an
200 1 _aХимия
_eчеди чылдың болгаш ортумак школаның 7-ги клазынга өөредилге ному
_fД. М. Кирюшкин
_gОчулдурган С. Сюрюн-оол
203 _aТекст
_bвизуальный
_cнепосредственный
210 _aКызыл
_cТыва областың ном үндүрер чери
_d1949
215 _a141, [1] с
_cил., портр.
_d22
541 1 _aХимия
_eУчебник для 7 кл. семилетней и сред. шк.
_zrus
686 1 _aГ1 я7
700 1 _aКирюшкин
_bД. М.
_f1889-1978
_gДмитрий Максимович
_4070
702 1 _aСюрюн-оол
_bС. С.
_f1924-1995
_gСалим Сазыгович
_4730
852 _aNLR
_bОНЛ
_jТув./3-40
942 _cBOOK
980 _aNB